| 000 | 00738nam a22002417a 4500 | ||
|---|---|---|---|
| 005 | 20170124110014.0 | ||
| 010 | _a198696 | ||
| 020 | _c00.00 | ||
| 035 | _a198696 | ||
| 037 | _bCen Lib/ Ret | ||
| 040 |
_aDPL _bEN |
||
| 082 |
_a370.19 _bCOX |
||
| 100 |
_aCox, Philip W. L. _918292 |
||
| 245 |
_aEducation in democracy : _cby Philip W. L. Cox [nad] Blaine E. Mercer _bsocial foundations of education / |
||
| 260 |
_aNew York _bMcgraw hill book company _c1961 |
||
| 270 | _bNew York | ||
| 300 |
_axviii,570p. _c22cm(Hb) |
||
| 500 | _aIncludes index | ||
| 650 |
_aEducation -- Democracy _999289 |
||
| 650 |
_aSocial education _918293 |
||
| 700 |
_aMercer, Blaine E. _918294 |
||
| 942 |
_2ddc _cEN _h370.19 _mCOX |
||
| 999 |
_c126718 _d126718 |
||